00418nam a22001337a 4500008004100000040005500041080002400096245004200120260004500162300001500207650002100222653001500243700002600258230410b |||||||| |||| 00| 0 eng d aNational Science LibrarycNational Science Library a338(083.3)(540)bK8 aStatistical outline of Indian economy aBombay: bVora & Co., Publishers, c1968 axii, 203p. aEconomic history aStatistics aKulkarni, V G (Comp.)